00966nam a2200277 i 4500003000900000005001700009007000300026008004100029020001800070040003000088082000700118100005000125245012300175264003700298300004300335336002700378337003300405338002800438500005800466504002800524590002600552700006400578910001500642942001400657999001700671DO-SdBNP20240703094351.0ta180606s2021 dr d 000 p spa d a9788845918564 aDO-SdBNPbspacBNPHUerda 42221 aArias, José Adalberto,d1951-eautor94308413aLa economía del bienestar y el cambio climático /cJosé Adalberto Arias ; presentación, Víctor Masalles Pere aSanto Domingo :bBúho,c2021. a209 páginas :cdiagrámas ;b23 cm. 2rdacontentatextobtxt 2rdamediaasin mediaciónbn 2rdacarrieravolumenbnc aIncluye datos biografícos del autor en las solapas. aBibliografía : p. 109 aInventariado, 2023/BT1 aMasalles Pere, Víctor,epresentación9345034Monseñor aBtavárez 2ddccLBS1 c55323d55323